000 00335nam a2200133Ia 4500
005 20251222143259.0
008 251222s9999||||xx |||||||||||||| ||spa||
020 _a84-9704-010-4
082 _a025.324/B73
100 _aBonal Zazo, José Luis
245 0 _aLa descripción archivística normalizada:
264 _bTREA
942 _cLIB
999 _c15269
_d15269